00776ngm a2200229 4500003000400000005001700004007000400021008004100025010001500066024002100081035001500102040001300117082001500130245005900145260002800204300005000232440003300282500014000315538005100455650001900506700002100525dpl20090316165537.0DVD||||||sp199 xxu|||||c ||| 00| 0 ng d  aDVD-001795 aVENF 0099c49.00 aDVD-001795 aDPLcDPL aDVD / KISS aKiss Shot /cMoserbaer Presentsh[videorecording] DVD/ bMoserbaer Entertainment a2 videodisc VCD;bsd., col. ;c4 3/4 in.fVCD aMoserbaer Home Entertainment aMoserbaer India Ltd. has obtained the necessary licence/conssent from the owner of the copyright in the wroks for making this DVD Film. aDolby Digital 5.1 -Englishi Subtitles: English aMotion Picture aGoldberg, Whoopi